000 00439nam a2200181Ia 4500
001 12896
005 20260306163014.0
008 260306t1997||||xx |||||||||||||| ||spa||
041 _aESP
082 _aRD 463
_bC68
100 _aEdiciones SM
_eAUT
245 0 _aClave:
_bDiccionario de uso español actual
260 _c1997
300 _axx, 2,056 páginas :
_c23 cm.
650 _aGEN
654 _aCHU
942 _cDIC
_dJUS
_fJUS
_2ddc
_n
999 _c12896
_d12896